<?xml version="1.0" encoding="UTF-8"?>
<collection xmlns="http://www.loc.gov/MARC21/slim">
<record>
  <controlfield tag="001">3122</controlfield>
  <controlfield tag="005">20170118095919.0</controlfield>
  <datafield tag="037" ind1=" " ind2=" ">
    <subfield code="a">SEMIN-2017-0016</subfield>
  </datafield>
  <datafield tag="100" ind1=" " ind2=" ">
    <subfield code="a">Andries, Jesse</subfield>
  </datafield>
  <datafield tag="245" ind1=" " ind2=" ">
    <subfield code="a">The ESA-SSA Space weather network: About what the ongoing SSCC and Solar ESC activities mean to SIDC</subfield>
  </datafield>
  <datafield tag="260" ind1=" " ind2=" ">
    <subfield code="c">2016</subfield>
  </datafield>
  <datafield tag="269" ind1=" " ind2=" ">
    <subfield code="c">2016-12-09</subfield>
  </datafield>
  <datafield tag="520" ind1=" " ind2=" ">
    <subfield code="a">This seminar describes two activities within the ESA-SSA Space Weather network: the SSThis seminar describes two activities within the ESA-SSA Space Weather network: the SSA Space Weather Coordination Centre (SSCC), and the Solar Weather Expert Service Centre (ESC). We will describe the position of these activities (or components) within this federated network as well as the concrete SIDC involvement: the tasks that are included, the advancements that are being achieved, and how all that relates to advances that are, or should be, achieved within the SIDC.A Space Weather Coordination Centre (SSCC), and the Solar Weather Expert Service Centre (ESC). We will describe the position of these activities (or components) within this federated network as well as the concrete SIDC involvement: the tasks that are included, the advancements that are being achieved, and how all that relates to advances that are, or should be, achieved within the SIDC.</subfield>
  </datafield>
  <datafield tag="536" ind1=" " ind2=" ">
    <subfield code="a">4000113186/</subfield>
    <subfield code="c">15/</subfield>
    <subfield code="f">D/MRP</subfield>
  </datafield>
  <datafield tag="594" ind1=" " ind2=" ">
    <subfield code="a">NO</subfield>
  </datafield>
  <datafield tag="773" ind1=" " ind2=" ">
    <subfield code="t">ROB</subfield>
  </datafield>
  <datafield tag="856" ind1="0" ind2=" ">
    <subfield code="f">jesse.andries@observatoire.be</subfield>
  </datafield>
  <datafield tag="980" ind1=" " ind2=" ">
    <subfield code="a">SEMIN</subfield>
  </datafield>
</record>
</collection>